Catálogo
 En Linea

Bajo las alas del Condor / (Registro nro. 1693)

Detalles MARC
000 -CABECERA
campo de control de longitud fija 00591nam a2200205 a 4500
001 - NÚMERO DE CONTROL
campo de control 000001816
005 - FECHA Y HORA DE LA ÚLTIMA TRANSACCIÓN
campo de control 20240430192052.0
008 - DATOS DE LONGITUD FIJA--INFORMACIÓN GENERAL
campo de control de longitud fija 090629s2006 cu a 001 spa d
020 ## - NÚMERO INTERNACIONAL ESTÁNDAR DEL LIBRO
Número Internacional Estándar del Libro 9592112932
040 ## - FUENTE DE LA CATALOGACIÓN
Centro catalogador/agencia de origen DO-SdBNP
082 ## - NÚMERO DE LA CLASIFICACIÓN DECIMAL DEWEY
Número de clasificación 303.62
Número de documento/Ítem M538b
049 ## - FONDOS LOCALES (OCLC)
Fondos de biblioteca BNPD
100 1# - ENTRADA PRINCIPAL--NOMBRE DE PERSONA
Nombre de persona Méndez, José Luis,
Fechas asociadas al nombre 1948
9 (RLIN) 5892
245 10 - MENCIÓN DE TÍTULO
Título Bajo las alas del Condor /
Mención de responsabilidad, etc. José Luis Méndez.
260 ## - PUBLICACIÓN, DISTRIBUCIÓN, ETC.
Lugar de publicación, distribución, etc. La Habana,
Fecha de publicación, distribución, etc. 2006.
Nombre del editor, distribuidor, etc. Capitán San Luis.
300 ## - DESCRIPCIÓN FÍSICA
Extensión 187 p. :
Otras características físicas il. ;
Dimensiones 20 cm.
500 ## - NOTA GENERAL
Nota general lncluye datos biográficos
650 #0 - PUNTO DE ACCESO ADICIONAL DE MATERIA--TÉRMINO DE MATERIA
Término de materia o nombre geográfico como elemento de entrada Terrorismo
9 (RLIN) 3230
700 1# - PUNTO DE ACCESO ADICIONAL--NOMBRE DE PERSONA
Nombre de persona Calloni, Stella
Término indicativo de función/relación prólogo
9 (RLIN) 5893
Existencias
Estado de retiro Estado de pérdida Restricciones de uso No para préstamo Código de colección Localización permanente Ubicación/localización actual Ubicación en estantería Fecha de adquisición Número de inventario Total de préstamos Signatura topográfica completa Código de barras Fecha visto por última vez Precio válido a partir de Tipo de ítem Koha
        Monografías: Libros y Folletos General General Orden iniciada 29.06.2009 LF1   303.62 M538b 1816-10 25.06.2020 25.06.2020 No se presta
        Monografías: Libros y Folletos General General En catalogación 29.06.2009 LF1   303.62 M538b 1816-20 25.06.2020 25.06.2020 Préstamo en sala

Con tecnología Koha